000 00302nam a2200145Ia 4500
100 _aSholokhov/Mikhail
650 _aGeneral
942 _cBK
654 _aSoil
245 _aVirgin Soil Upturned II
260 _bProgress Publishers
_c1960
082 _a891.7
300 _a466
546 _aENGLISH
999 _c25292
_d25292